UM Logo

Fraud examination / (Record no. 23901)

MARC details
000 -LEADER
fixed length control field 00897nam a2200253 4500
005 - DATE AND TIME OF LATEST TRANSACTION
control field 20251007145204.0
008 - FIXED-LENGTH DATA ELEMENTS--GENERAL INFORMATION
fixed length control field 250929b |||||||| |||| 00| 0 eng d
020 ## - INTERNATIONAL STANDARD BOOK NUMBER
International Standard Book Number 9780357721759
082 ## - DEWEY DECIMAL CLASSIFICATION NUMBER
Classification number DC 364.163 Al151 2025
100 ## - MAIN ENTRY--PERSONAL NAME
Personal name Albrecht, W. Steve.
9 (RLIN) 68207
245 ## - TITLE STATEMENT
Title Fraud examination /
Statement of responsibility, etc. W. Steve Albrecht [and three others.]
250 ## - EDITION STATEMENT
Edition statement Seventh edition.
260 ## - PUBLICATION, DISTRIBUTION, ETC. (IMPRINT)
Place of publication, distribution, etc. Australia :
Name of publisher, distributor, etc. Cengage Learning, Inc.,
Date of publication, distribution, etc. ©2025.
300 ## - PHYSICAL DESCRIPTION
Extent xviii, 590 pages :
Other physical details color illustrations ;
Dimensions 28 cm.
500 ## - GENERAL NOTE
General note Includes appendix, bibliography, glossary and index.
650 #0 - SUBJECT ADDED ENTRY--TOPICAL TERM
Topical term or geographic name as entry element Fraud.
9 (RLIN) 68208
650 #0 - SUBJECT ADDED ENTRY--TOPICAL TERM
Topical term or geographic name as entry element Fraud
General subdivision Prevention.
9 (RLIN) 68209
650 #0 - SUBJECT ADDED ENTRY--TOPICAL TERM
Topical term or geographic name as entry element Forensic accounting.
9 (RLIN) 68210
650 #0 - SUBJECT ADDED ENTRY--TOPICAL TERM
Topical term or geographic name as entry element Fraud investigation.
9 (RLIN) 68211
700 ## - ADDED ENTRY--PERSONAL NAME
Personal name Albrecht, Chad O.,
Relator term author.
9 (RLIN) 68212
700 ## - ADDED ENTRY--PERSONAL NAME
Personal name Albrecht, Conan C.,
Relator term author.
9 (RLIN) 68213
700 ## - ADDED ENTRY--PERSONAL NAME
Personal name Zimbelman, Mark F.,
Relator term author.
9 (RLIN) 68214
942 ## - ADDED ENTRY ELEMENTS (KOHA)
Source of classification or shelving scheme Dewey Decimal Classification
Koha item type Circulation
Holdings
Withdrawn status Lost status Source of classification or shelving scheme Damaged status Not for loan Collection code Home library Current library Date acquired Source of acquisition Cost, normal purchase price Total Checkouts Full call number Barcode Date last seen Price effective from Koha item type
    Dewey Decimal Classification     Circulation UM Digos College - LIC UM Digos College - LIC 08/11/2025 Purchased 8775.00   DC 364.163 Al151 2025 29004 09/29/2025 09/29/2025 Circulation